[Event "London Central Major"]
[Site "London"]
[Date "2022.11.06"]
[Round "5"]
[White "Hutchence, Gregg Sh"]
[Black "McAleenan, Charles T"]
[Result "0-1"]
[WhiteElo "1369"]
[BlackElo "1760"]
[PlyCount "98"]
[EventDate "2022.11.04"]
[EventType "swiss"]
[EventRounds "5"]
[EventCountry "ENG"]
[SourceTitle "EXT 2024"]
[Source "ChessBase"]
[SourceDate "2023.10.10"]
[SourceVersion "1"]
[SourceVersionDate "2023.10.10"]
[SourceQuality "1"]

1. c4 d6 2. d4 e5 3. dxe5 dxe5 4. Qxd8+ Kxd8 5. a3 Be6 6. e4 Nd7 7. Nf3 f6 8. Be2 g5 9. h3 Be7 10. Nc3 c6 11. 0-0 h5 12. Nh2 Bc5 13. Bd2 Ne7 14. Na4 Bd4 15. Rab1 Ng6 16. Rfc1 Nf4 17. Bf1 g4 18. h4 g3 19. Nf3 Bxf2+ 20. Kh1 Nb6 21. Ba5 Ke7 22. Bb4+ Kf7 23. Nc5 a5 24. Nxe6 Nxe6 25. Be1 Nc5 26. Bxf2 gxf2 27. Nd2 a4 28. Be2 Rad8 29. b4 Rxd2 30. bxc5 Rxe2 31. cxb6 Rd8 32. Rf1 Rd4 33. g3 Rdxe4 34. Kg2 Rxc4 35. Rxf2 Rxf2+ 36. Kxf2 Rc2+ 37. Kf3 Rc3+ 38. Ke4 Rxa3 39. g4 hxg4 40. Rh1 Kg6 41. h5+ Kh6 42. Kf5 Rf3+ 43. Kxg4 Rf4+ 44. Kg3 a3 45. Rd1 Kxh5 46. Rh1+ Kg6 47. Rh8 Ra4 48. Rb8 a2 49. Rxb7 a1Q 0-1